Villes française dans Euro truck simulator 2 - Statistiques

Statistiques générales
  • Ce quiz a été pris 59 fois
  • Le résultat moyen est 20 sur 36
Statistiques - réponses
Réponse % Correct
Paris
98%
Lille
92%
Lyon
90%
Marseille
90%
Strasbourg
84%
Nice
82%
Toulouse
82%
Bordeaux
80%
Brest
78%
Nantes
78%
Le Havre
76%
Rennes
74%
Montpellier
72%
Metz
68%
Dijon
64%
Reims
64%
Clermont-Ferrand
62%
Calais
60%
Ajaccio
58%
Bayonne
52%
Limoges
52%
Bastia
50%
Bourges
48%
La Rochelle
48%
Le Mans
48%
Porto-Vecchio
28%
l'ile Rousse
26%
Roscoff
26%
Calvi
24%
Palluel
24%
Saint-Alban-du-Rhone
20%
Saint-Laurent
20%
Lacq
18%
Golfech
16%
Civaux
14%
Bonifacio
12%
Aucun quiz correspondant
Distribution des résultats
% des personnes avec chaque résultat
Percentile par nombre de réponses
Votre historique - résultats
Vous n’avez pas pris ce quiz